00749nam a2200217 a 450000100060000000300080000600500170001400800390003103500190007004000320008904100080012108200280012910000210015724501780017826000320035630000270038850400510041565000170046665000240048365000240050726464BD-RjUL20211209051024.0140322t1982 ii b 001 0 eng a(BD-RjUL)26534 aDLCcDLCdDLCdBD-RJULbeng aeng00a363.80954219bRAF 19821 aRamachandran, L.10aFood planning :bsome vital aspects, focussing attention on some vital but altogether neglected aspects of the food problem and advocating a new approach /cL. Ramachandran. aNew Delhi :bAllied,c1982. axiii, 392 p. ;c22 cm. aIncludes bibliographical references and index. 0aDietzIndia. 0aFood supplyzIndia. 0aAgriculturezIndia.